[Event "Online Olym Div3 B 2021"]
[Site "chess.com INT"]
[Date "2021.08.27"]
[Round "2.4"]
[Board "5"]
[White "Rabeea, Sabah Nori"]
[Black "Chorfen, Youssef"]
[Result "0-1"]
[WhiteTitle "FM"]
[WhiteElo "2009"]
[BlackElo "1861"]
[WhiteTeam "Iraq"]
[BlackTeam "Tunisia"]
[WhiteFideId "4806212"]
[BlackFideId "5508665"]
[EventDate "2021.08.27"]
[EventType "team"]

1. d4 Nf6 2. Nf3 e6 3. Bf4 d5 4. e3 Bd6 5. Bg3 O-O 6. Bd3 c5 7. c3 Nc6 8. Nbd2
Re8 9. Ne5 Bxe5 10. dxe5 Nd7 11. f4 c4 12. Bc2 Qb6 13. Bf2 Qxb2 14. Qc1 Qxc1+
15. Rxc1 b5 16. Rb1 Rb8 17. e4 a5 18. exd5 exd5 19. O-O f6 20. exf6 Nxf6 21.
Rfe1 Bd7 22. Nf3 b4 23. Ne5 Nxe5 24. fxe5 Ne4 25. Bxe4 dxe4 26. Rxe4 Bf5 27.
Rbe1 Bxe4 28. Rxe4 bxc3 29. Be3 c2 30. Rxc4 Rxe5 31. Bf4 Rb1+ 32. Kf2 Rf5 33.
Rc8+ Rf8 34. Rc7 Rxf4+ 0-1

[Event "Online Olym Div3 B 2021"]
[Site "chess.com INT"]
[Date "2021.08.27"]
[Round "2.4"]
[Board "6"]
[White "Chihi, Malek"]
[Black "Sara Masood Abdullah"]
[Result "0-1"]
[WhiteTitle "WCM"]
[WhiteElo "1662"]
[BlackElo "1683"]
[WhiteTeam "Tunisia"]
[BlackTeam "Iraq"]
[WhiteFideId "5504430"]
[BlackFideId "4809610"]
[EventDate "2021.08.27"]
[EventType "team"]

1. e4 e6 2. d4 d5 3. exd5 exd5 4. Bd3 Bd6 5. h3 Ne7 6. Qf3 Be6 7. Ne2 Qd7 8. Bf4
Nbc6 9. c3 Bxf4 10. Qxf4 Bf5 11. Bxf5 Qxf5 12. Qxf5 Nxf5 13. Nf4 Nce7 14. Nd2
O-O 15. O-O Rfe8 16. Rfe1 c6 17. Nf3 Nd6 18. Re2 Nef5 0-1

[Event "Online Olym Div3 B 2021"]
[Site "chess.com INT"]
[Date "2021.08.27"]
[Round "2.5"]
[Board "2"]
[White "Njoroge, Martin"]
[Black "Calicoca, Wilton Inacio"]
[Result "1-0"]
[BlackTitle "FM"]
[WhiteElo "1958"]
[BlackElo "2119"]
[WhiteTeam "Kenya"]
[BlackTeam "Mozambique"]
[WhiteFideId "10801952"]
[BlackFideId "14800268"]
[EventDate "2021.08.27"]
[EventType "team"]

1. e4 c5 2. Nf3 Nc6 3. d4 cxd4 4. Nxd4 d6 5. Nc3 e6 6. Be3 Be7 7. g4 a6 8. Rg1
Nf6 9. g5 Nd7 10. h4 Qc7 11. Bd3 Na5 12. Qe2 Ne5 13. f4 Nec4 14. O-O-O Nxe3 15.
Qxe3 b5 16. f5 b4 17. Nd5 exd5 18. exd5 O-O 19. f6 Re8 20. Qe4 g6 21. h5 Qd7 22.
Rde1 Qh3 23. hxg6 hxg6 24. Rh1 Qg4 25. Qxg4 Bxg4 26. Rh4 Bxf6 27. Rxe8+ Rxe8 28.
gxf6 Bh5 29. Nc6 Nxc6 30. dxc6 Rc8 31. Be4 Rc7 32. Bd5 a5 33. Re4 Kf8 34. a3
bxa3 35. bxa3 g5 36. Re1 Bg4 37. Rh1 Kg8 38. Rg1 Be6 39. Rxg5+ Kh7 40. Bxe6 fxe6
41. Rg7+ Rxg7 42. fxg7 Kxg7 43. c7 Kf6 44. c8=Q d5 45. Qa8 d4 46. Qxa5 e5 47.
Qe1 Kf5 48. Qf1+ Ke4 49. a4 Kd5 50. Qb5+ Ke6 51. a5 e4 52. a6 1-0

[Event "Online Olym Div3 B 2021"]
[Site "chess.com INT"]
[Date "2021.08.27"]
[Round "2.5"]
[Board "3"]
[White "Vilhete, Vania Fausto Da T."]
[Black "Ndirangu, Nyaruai, Joyce"]
[Result "0-1"]
[WhiteTitle "WIM"]
[BlackTitle "WCM"]
[WhiteElo "1753"]
[BlackElo "1647"]
[WhiteTeam "Mozambique"]
[BlackTeam "Kenya"]
[WhiteFideId "14800144"]
[BlackFideId "10802886"]
[EventDate "2021.08.27"]
[EventType "team"]

1. d4 d5 2. c4 Nf6 3. e3 c6 4. Nf3 Bg4 5. Bd3 e6 6. O-O Bd6 7. Nbd2 Nbd7 8. b3
Rc8 9. Bb2 O-O 10. Rc1 Bb8 11. h3 Bh5 12. Re1 Ne8 13. e4 Bf4 14. Rb1 Bxd2 15.
Qxd2 Bxf3 16. gxf3 Qh4 17. Kh2 f5 18. exd5 exd5 19. Rg1 h6 20. Rg6 Rf7 21. Rbg1
Kh7 22. Bc1 Nf8 23. R6g3 Ne6 24. Rg4 Qh5 25. Qe3 Ng5 26. R4g3 Kh8 27. f4 Ne4 28.
Bxe4 fxe4 29. Qc3 Nd6 30. Be3 Rcf8 31. cxd5 cxd5 32. Qc5 Nf5 33. Qxd5 Nxg3 34.
Qc4 Nf5 35. d5 Nxe3 36. fxe3 Qf3 37. Qd4 Kh7 38. d6 Rd8 39. Rg3 Qe2+ 40. Rg2 Qd3
41. Qxa7 Rxd6 42. Qc5 Rc6 43. Qh5 g6 44. Qe5 Qxe3 45. Qe8 Qxf4+ 46. Kh1 Rc1+ 0-1

[Event "Online Olym Div3 B 2021"]
[Site "chess.com INT"]
[Date "2021.08.27"]
[Round "2.5"]
[Board "5"]
[White "Vasco, Mateus Felizardo Viageiro"]
[Black "Mcligeyo, Robert"]
[Result "0-1"]
[WhiteElo "1862"]
[BlackElo "1688"]
[WhiteTeam "Mozambique"]
[BlackTeam "Kenya"]
[WhiteFideId "14800403"]
[BlackFideId "10814647"]
[EventDate "2021.08.27"]
[EventType "team"]

1. e4 c6 2. d4 d5 3. Nc3 dxe4 4. Nxe4 Nf6 5. Nxf6+ exf6 6. Nf3 Bd6 7. c3 O-O 8.
Be2 Nd7 9. O-O Re8 10. Re1 Nf8 11. h3 Be6 12. Be3 Bc7 0-1

[Event "Online Olym Div3 B 2021"]
[Site "chess.com INT"]
[Date "2021.08.27"]
[Round "3.1"]
[Board "1"]
[White "Methu, Joseph Muragu"]
[Black "Eiti, Bashir"]
[Result "0-1"]
[BlackTitle "IM"]
[WhiteElo "2125"]
[BlackElo "2340"]
[WhiteTeam "Kenya"]
[BlackTeam "Syria"]
[WhiteFideId "10804714"]
[BlackFideId "7601875"]
[EventDate "2021.08.27"]
[EventType "team"]

1. d4 d5 2. c4 dxc4 3. e4 Nf6 4. Nc3 e5 5. d5 c6 6. Bxc4 b5 7. Bb3 b4 8. Na4
cxd5 9. exd5 Bb7 10. Bg5 h6 11. Bxf6 Qxf6 12. Ne2 Bd6 13. O-O O-O 14. Rc1 Nd7
15. Ng3 Rfe8 16. Ne4 Qe7 17. Qd2 Red8 18. Rfd1 Rac8 19. Qe3 Rxc1 20. Rxc1 Ra8
21. h3 Kf8 22. g3 Nf6 23. Nac5 Nxd5 24. Qd2 Bxc5 25. Nxc5 Nf6 26. Qxb4 Bc8 27.
h4 Bh3 28. Qb7 Rd8 29. Qxe7+ Kxe7 30. Bd1 Bf5 31. b4 Nd5 32. a3 f6 33. Bf3 Nb6
34. a4 Nd5 35. b5 Nb4 36. a5 Rb8 37. Be2 Na2 38. Ra1 Nc3 39. Bf1 Kd6 40. Na6 Rb7
41. Rc1 Nxb5 42. Rd1+ Nd4 43. Rc1 Be4 44. f4 exf4 45. gxf4 Nc6 46. Nc5 Rb4 47.
Nxe4+ Rxe4 48. Bg2 Nd4 49. Rb1 Rxf4 50. Rb7 g5 51. Rxa7 Rxh4 52. a6 Rf4 53. Rh7
Ne2+ 54. Kh2 Rh4+ 55. Bh3 g4 56. a7 Rxh3+ 57. Kg2 Ra3 58. Rxh6 Ke6 59. Rh7 Nf4+
60. Kf2 g3+ 61. Kg1 Ra1# 0-1

[Event "Online Olym Div3 B 2021"]
[Site "chess.com INT"]
[Date "2021.08.27"]
[Round "3.1"]
[Board "2"]
[White "Koniahli, Malek."]
[Black "Likoko, Elvis"]
[Result "1-0"]
[WhiteTitle "FM"]
[WhiteElo "2255"]
[BlackElo "1646"]
[WhiteTeam "Syria"]
[BlackTeam "Kenya"]
[WhiteFideId "7603495"]
[BlackFideId "10815090"]
[EventDate "2021.08.27"]
[EventType "team"]

1. d4 Nf6 2. c4 e6 3. Nc3 Bb4 4. Qc2 d5 5. a3 Bxc3+ 6. Qxc3 O-O 7. Nf3 h6 8. e3
b6 9. cxd5 exd5 10. Bd3 Be6 11. Ne5 Qd6 12. b4 a5 13. b5 Rc8 14. a4 c5 15. O-O
c4 16. Bc2 Nfd7 17. Nxd7 Nxd7 18. Ba3 Qc7 19. Rae1 f5 20. f3 Nf6 21. e4 fxe4 22.
fxe4 Re8 23. e5 Nh7 24. Qg3 Kh8 25. Qg6 Bg8 26. e6 Nf8 27. Rxf8 Rxf8 28. e7 Rfe8
29. Bd6 Qd7 30. Be5 1-0

[Event "Online Olym Div3 B 2021"]
[Site "chess.com INT"]
[Date "2021.08.27"]
[Round "3.1"]
[Board "3"]
[White "Ndirangu, Nyaruai, Joyce"]
[Black "Yazji, Mada"]
[Result "1-0"]
[WhiteTitle "WCM"]
[WhiteElo "1647"]
[BlackElo "1704"]
[WhiteTeam "Kenya"]
[BlackTeam "Syria"]
[WhiteFideId "10802886"]
[BlackFideId "7602065"]
[EventDate "2021.08.27"]
[EventType "team"]

1. d4 d5 2. Bf4 e6 3. e3 c5 4. c3 cxd4 5. exd4 Nc6 6. Nf3 Nf6 7. Bd3 Bd6 8. Bg5
O-O 9. O-O e5 10. dxe5 Nxe5 11. Nxe5 Bxe5 12. Re1 Qd6 13. g3 Bg4 14. Qc2 h6 15.
Bd2 Bf3 16. Re3 Be4 17. Na3 Qe6 18. f3 Bxd3 19. Qxd3 Qb6 20. Qb5 Bc7 21. Kg2 Qd6
22. Rae1 a6 23. Qd3 Qb6 24. b3 Bd6 25. Nc2 Rac8 26. R3e2 Bc5 27. Ne3 Rcd8 28. b4
Bd6 29. Nf5 a5 30. a3 axb4 31. cxb4 Ra8 32. Bc1 Rfc8 33. Bb2 Bf8 34. Re3 Rd8 35.
Bd4 Qc6 36. R1e2 Qa6 37. Qd2 Rac8 38. Qb2 Kh7 39. b5 Qd6 40. Nxd6 1-0

[Event "Online Olym Div3 B 2021"]
[Site "chess.com INT"]
[Date "2021.08.27"]
[Round "3.1"]
[Board "4"]
[White "Mahmoud, Roula"]
[Black "Wanjiru, Lucy"]
[Result "0-1"]
[WhiteTitle "WFM"]
[BlackTitle "WCM"]
[WhiteElo "1765"]
[BlackElo "1619"]
[WhiteTeam "Syria"]
[BlackTeam "Kenya"]
[WhiteFideId "7601263"]
[BlackFideId "10808590"]
[EventDate "2021.08.27"]
[EventType "team"]

1. e4 e5 2. Nf3 Nc6 3. Bc4 Be7 4. O-O Nf6 5. d4 exd4 6. e5 Ne4 7. Nxd4 Nxe5 8.
Bb3 Ng6 9. Re1 d5 10. c4 O-O 11. cxd5 Nf6 12. Nc3 Bb4 13. Bg5 h6 14. Bxf6 Qxf6
15. a3 Bc5 16. Ne4 Qxd4 17. Nxc5 Qxc5 18. Rc1 Qd6 19. Qh5 Bd7 20. h3 Bb5 21. Re3
Rad8 22. Rec3 Rd7 23. Re3 Nf4 24. Qg4 Nxd5 25. Rg3 f5 26. Qf3 Kh8 27. Rd1 c6 28.
Qh5 Qe5 29. Rg6 Rd6 30. Rxd6 Qxd6 31. Qf3 Qf6 32. Bxd5 cxd5 33. Qxd5 Bc6 34. Qc5
Rd8 35. Re1 Qxb2 36. Qxf5 Qd2 37. Re7 Qd1+ 38. Kh2 Qd6+ 39. Re5 Re8 40. f4 Rf8
41. Qe6 Qxe6 42. Rxe6 Rxf4 43. Kg3 Ra4 44. Re3 Kg8 45. Kf2 Rf4+ 46. Kg3 Rf1 47.
Kh4 Bxg2 48. Rc3 Bc6 49. Rd3 Rf3 50. Rd8+ Kf7 51. Kg4 Rxa3 52. Rc8 a5 53. Rc7+
Kf6 54. h4 a4 55. h5 Rd3 56. Rc8 a3 57. Rf8+ Ke7 58. Rf1 a2 59. Ra1 Bd7+ 60. Kf4
Be6 61. Ke4 Rd6 62. Ke5 Rb6 63. Kd4 Rb1 64. Rxb1 axb1=Q 0-1

[Event "Online Olym Div3 B 2021"]
[Site "chess.com INT"]
[Date "2021.08.27"]
[Round "3.1"]
[Board "5"]
[White "Mcligeyo, Robert"]
[Black "Kareem, Hneidi."]
[Result "0-1"]
[WhiteElo "1688"]
[BlackElo "1967"]
[WhiteTeam "Kenya"]
[BlackTeam "Syria"]
[WhiteFideId "10814647"]
[BlackFideId "7608730"]
[EventDate "2021.08.27"]
[EventType "team"]

1. d4 c5 2. dxc5 e6 3. e4 Bxc5 4. Nf3 Nc6 5. Be2 Qc7 6. O-O Nf6 7. Nc3 a6 8. Bg5
Ng4 9. h3 h6 10. Bh4 g5 11. Bg3 Qxg3 12. hxg4 h5 13. b4 Ba7 14. gxh5 Rxh5 15.
Na4 Ne5 0-1

[Event "Online Olym Div3 B 2021"]
[Site "chess.com INT"]
[Date "2021.08.27"]
[Round "3.2"]
[Board "1"]
[White "Zaibi, Amir"]
[Black "Paiva, Donaldo"]
[Result "0-1"]
[WhiteTitle "GM"]
[BlackTitle "CM"]
[WhiteElo "2398"]
[BlackElo "2201"]
[WhiteTeam "Tunisia"]
[BlackTeam "Mozambique"]
[WhiteFideId "5500796"]
[BlackFideId "14800098"]
[EventDate "2021.08.27"]
[EventType "team"]

1. e4 c6 2. d4 d5 3. e5 Bf5 4. Nf3 e6 5. Be2 Nd7 6. O-O Ne7 7. c4 dxc4 8. Bxc4
Nb6 9. Bb3 Ned5 10. a4 a5 11. Nc3 Bb4 12. Bd2 O-O 13. Qe2 h6 14. h3 Be7 15. Na2
Qc7 16. Rfc1 Rfd8 17. Qe1 Nc8 18. g4 Bg6 19. Qe2 Qb6 20. Qc4 Be4 21. Ne1 Nc7 22.
Nc3 Rxd4 23. Be3 Rxc4 24. Bxb6 Rxc3 25. bxc3 Nxb6 26. f3 Bg6 27. Rd1 Ncd5 28. c4
Bc5+ 29. Kh2 Ne3 30. Rdc1 Bd4 31. Ra2 Bxe5+ 32. Kh1 c5 33. Nc2 Nxc2 34. Bxc2
Bxc2 35. Raxc2 Nxa4 36. Rd1 Nc3 37. Rd3 a4 38. Rdxc3 Bxc3 39. Rxc3 a3 40. Rc1 a2
41. Ra1 g5 42. Kg2 Kg7 43. Kf2 Kf6 44. Ke3 Ke5 45. Kd3 Kf4 46. Kc3 Kxf3 47. Kb2
Kg2 48. Kb3 f5 49. Kc2 f4 50. Kd2 f3 51. Ke3 f2 52. Ke2 e5 53. h4 gxh4 0-1

[Event "Online Olym Div3 B 2021"]
[Site "chess.com INT"]
[Date "2021.08.27"]
[Round "3.2"]
[Board "2"]
[White "Calicoca, Wilton Inacio"]
[Black "Ben Brahem, Aymen"]
[Result "1-0"]
[WhiteTitle "FM"]
[WhiteElo "2119"]
[BlackElo "2152"]
[WhiteTeam "Mozambique"]
[BlackTeam "Tunisia"]
[WhiteFideId "14800268"]
[BlackFideId "5504899"]
[EventDate "2021.08.27"]
[EventType "team"]

1. e4 c5 2. Nf3 d6 3. d4 cxd4 4. Nxd4 Nf6 5. Nc3 g6 6. Be2 Bg7 7. h4 Nc6 8. Be3
h5 9. Qd2 O-O 10. O-O-O Nxd4 11. Bxd4 Be6 12. Kb1 Qa5 13. f3 Rfc8 14. Bxf6 Bxf6
15. Nd5 Qxd2 16. Nxf6+ exf6 17. Rxd2 Rc6 18. Rhd1 Rd8 19. b3 Kf8 20. Kb2 Ke7 21.
g4 Rh8 22. Rh1 Rc5 23. c4 a5 24. a3 Rhc8 25. gxh5 Rxh5 26. f4 Rh6 27. Bd3 Rc5
28. b4 Rch5 29. Kc3 axb4+ 30. axb4 Rxh4 31. Rf1 Bd7 32. b5 Kd8 33. Ra2 Kc7 34.
Ra8 Rh3 35. Rf8 Rh7 36. Kc2 Re3 37. Kd2 Rhh3 38. Bc2 Rc3 39. Rxf7 Rxc4 40. Rf2
Rd4+ 41. Kc1 Rh1+ 42. Kb2 Rb4+ 43. Kc3 Rxb5 44. Rxd7+ Kxd7 45. Ba4 Kc6 46. Rg2
Rh6 47. Kc4 Rh5 48. f5 gxf5 49. Bxb5+ Kb6 50. Rb2 Kc7 51. Kd4 fxe4 52. Kxe4 d5+
53. Kd4 Kd6 54. Bd3 Rh4+ 55. Ke3 Kc6 56. Be2 b6 57. Bf3 Kc5 58. Rc2+ Rc4 59. Rd2
Rc3+ 60. Kf2 d4 61. Be4 b5 62. Bf5 b4 63. Ke2 b3 64. Bd3 Rc1 65. Kf3 Kb4 66. Bf5
Kc3 67. Rd3+ Kc4 68. Rd2 Rf1+ 69. Kg4 Rxf5 70. Kxf5 Kc3 71. Rd1 b2 72. Ke4 f5+
73. Kxf5 Kc2 74. Rxd4 b1=Q 75. Ke5 Qb5+ 76. Rd5 Qe2+ 77. Kd6 Kc3 78. Rc5+ Kb4
79. Rd5 Qe4 80. Re5 Qf4 81. Kd5 Qf3+ 82. Re4+ 1-0

[Event "Online Olym Div3 B 2021"]
[Site "chess.com INT"]
[Date "2021.08.27"]
[Round "3.2"]
[Board "3"]
[White "Ben Said, Safa"]
[Black "Vilhete, Vania Fausto Da T."]
[Result "1-0"]
[WhiteTitle "WFM"]
[BlackTitle "WIM"]
[WhiteElo "1577"]
[BlackElo "1753"]
[WhiteTeam "Tunisia"]
[BlackTeam "Mozambique"]
[WhiteFideId "5503400"]
[BlackFideId "14800144"]
[EventDate "2021.08.27"]
[EventType "team"]

1. e4 c5 2. Nf3 d6 3. d4 cxd4 4. Nxd4 Nf6 5. Nc3 e5 6. Nb3 Be6 7. Bg5 Nbd7 8.
Be2 Be7 9. O-O O-O 10. Qd2 a6 11. Rad1 b5 12. Nd5 Bxd5 13. exd5 Qc7 14. Qd3 Rac8
15. Rd2 Nb6 16. Bxf6 Bxf6 17. Qh3 Bg5 18. Bd3 g6 19. Rdd1 Na4 20. Qg4 Bf6 21. f4
Nxb2 22. fxe5 Bxe5 23. Rd2 Nxd3 24. cxd3 Qa7+ 25. Kh1 a5 26. d4 Bg7 27. Rdf2 a4
28. Rxf7 Qb8 29. Qe6 Rxf7 30. Rxf7 Kh8 31. Qe7 Rg8 32. Na5 Qc8 33. Nc6 Qg4 34.
Qe1 Bxd4 35. h3 Qh4 36. Qxh4 1-0

[Event "Online Olym Div3 B 2021"]
[Site "chess.com INT"]
[Date "2021.08.27"]
[Round "3.2"]
[Board "5"]
[White "Chorfen, Youssef"]
[Black "Celso Andre Manjate"]
[Result "1-0"]
[WhiteElo "1861"]
[BlackElo "1721"]
[WhiteTeam "Tunisia"]
[BlackTeam "Mozambique"]
[WhiteFideId "5508665"]
[BlackFideId "14800802"]
[EventDate "2021.08.27"]
[EventType "team"]

1. e4 g6 2. d4 Bg7 3. Nc3 d6 4. Be3 Nf6 5. f3 O-O 6. Qd2 Re8 7. Bc4 a6 8. e5
dxe5 9. dxe5 Qxd2+ 10. Bxd2 Nfd7 11. e6 fxe6 12. Bxe6+ Kh8 13. O-O-O Nf6 14. Bb3
b5 15. g4 c5 16. g5 Nfd7 17. Bf7 Rf8 18. Bd5 Ra7 19. Be3 Rc7 20. Ne4 Nb6 21.
Nxc5 Nxd5 22. Rxd5 Bf5 23. Ne2 Rfc8 24. Rhd1 Nd7 25. Rxd7 Bxd7 26. Rxd7 Rc6 27.
b4 Bf8 28. Nd4 Rd6 29. Nde6 Kg8 30. Bf4 Rxd7 31. Nxd7 Bg7 32. Nxg7 Kxg7 33. Nc5
Rc6 34. Be5+ Kf7 35. f4 a5 36. a3 axb4 37. axb4 Rc8 38. c3 Ra8 39. Kb2 Ra7 40.
c4 bxc4 41. Kc3 Ra2 42. Kxc4 Rxh2 43. b5 Rc2+ 44. Kd5 Ke8 45. b6 Kd8 46. b7 Rd2+
47. Kc6 1-0

[Event "Online Olym Div3 B 2021"]
[Site "chess.com INT"]
[Date "2021.08.27"]
[Round "3.3"]
[Board "1"]
[White "Ortega Amarelle, Mariano"]
[Black "Ahmed, Ali Layth Ahmed"]
[Result "1-0"]
[WhiteTitle "IM"]
[BlackTitle "FM"]
[WhiteElo "2463"]
[BlackElo "2253"]
[WhiteTeam "Cape Verde"]
[BlackTeam "Iraq"]
[WhiteFideId "3504301"]
[BlackFideId "4801920"]
[EventDate "2021.08.27"]
[EventType "team"]

1. d4 Nf6 2. Nf3 e6 3. Bf4 c5 4. e3 Nc6 5. c3 Nh5 6. Bg5 Qb6 7. Qb3 h6 8. Bh4 g5
9. Bg3 Nxg3 10. hxg3 Bg7 11. Nbd2 g4 12. Qxb6 axb6 13. Nh2 cxd4 14. exd4 h5 15.
Nc4 Ke7 16. Nxb6 Ra7 17. Be2 d5 18. Nf1 Bd7 19. Nxd7 Kxd7 20. Bb5 Kd6 21. Nd2
Bf6 22. Be2 Raa8 23. Nb3 b6 24. a3 Na5 25. Nxa5 bxa5 26. a4 Rab8 27. O-O-O Bg5+
28. Kc2 f5 29. Rh2 Rh6 30. Bb5 Rbh8 31. b4 Bd8 32. Rdh1 Bb6 33. Kd3 Ke7 34. bxa5
Bxa5 35. c4 dxc4+ 36. Bxc4 Kf6 37. Rb1 Kg5 38. Rb5 Ra8 39. d5 exd5 40. Bxd5 Ra7
41. Rh1 Rd6 42. f4+ gxf3 43. gxf3 Bc7 44. Ra1 Ra5 45. Rxa5 Bxa5 46. Kc4 f4 47.
gxf4+ Kxf4 48. Kc5 Rh6 49. Kb5 Bd2 50. a5 h4 51. a6 h3 52. a7 Rh8 53. a8=Q Rxa8
54. Bxa8 Be3 55. Rh1 Kg3 56. f4 Bxf4 57. Kc4 Be3 58. Kd3 Bb6 59. Rb1 Bf2 60. Ke2
h2 61. Rb3+ 1-0

[Event "Online Olym Div3 B 2021"]
[Site "chess.com INT"]
[Date "2021.08.27"]
[Round "3.3"]
[Board "2"]
[White "Ismael, Namir Mohammed Ismael"]
[Black "Mirulla, David"]
[Result "1-0"]
[WhiteTitle "CM"]
[WhiteElo "2122"]
[BlackElo "1956"]
[WhiteTeam "Iraq"]
[BlackTeam "Cape Verde"]
[WhiteFideId "4800800"]
[BlackFideId "2830235"]
[EventDate "2021.08.27"]
[EventType "team"]

1. d4 Nf6 2. Nf3 g6 3. g3 Bg7 4. Bg2 O-O 5. b3 d6 6. Bb2 c6 7. O-O Qc7 8. c4
Nbd7 9. Nc3 e5 10. e3 Re8 11. Rc1 Nf8 12. dxe5 dxe5 13. Qe2 Bg4 14. h3 Bxf3 15.
Bxf3 e4 16. Bg2 Rad8 17. Rfd1 Qe7 18. Rxd8 Rxd8 19. Rd1 Rxd1+ 20. Qxd1 N8d7 21.
Qc2 Nc5 22. Ba3 Qe5 23. Bxc5 Qxc5 24. Nxe4 Qb4 25. Qd2 Qxd2 26. Nxd2 Nd7 27. Kf1
f5 28. Ke2 Kf7 29. f4 Ke6 30. e4 fxe4 31. Nxe4 Ke7 32. h4 Nf6 33. Nc5 b6 34. Nd3
c5 35. Ne5 Kd6 36. Bf3 Nd7 37. Nf7+ Ke7 38. Ng5 h6 39. Ne4 Nf6 40. Nc3 Nh5 41.
Nd5+ Ke6 42. Bg4+ Kd6 43. Bxh5 gxh5 44. Kf3 b5 45. Ke4 bxc4 46. bxc4 Ke6 47. f5+
Kd6 48. Nf4 Bf8 49. Nxh5 a5 50. g4 Be7 51. f6 Bf8 52. Kf5 Kd7 53. g5 hxg5 54.
hxg5 Ke8 55. g6 Bh6 56. Ke6 Kf8 57. g7+ Bxg7 58. fxg7+ Kg8 59. Kf6 a4 60. Kg6 a3
61. Nf6# 1-0

[Event "Online Olym Div3 B 2021"]
[Site "chess.com INT"]
[Date "2021.08.27"]
[Round "3.3"]
[Board "3"]
[White "Rodriguez Guevara, Celia M."]
[Black "Al-Khalidi, Aisha Ali Ahmed"]
[Result "1-0"]
[BlackTitle "WCM"]
[WhiteElo "1849"]
[BlackElo "1624"]
[WhiteTeam "Cape Verde"]
[BlackTeam "Iraq"]
[WhiteFideId "3511596"]
[BlackFideId "4806042"]
[EventDate "2021.08.27"]
[EventType "team"]

1. e4 d5 2. exd5 Nf6 3. Nc3 Nxd5 4. Bc4 e6 5. Nf3 Be7 6. O-O O-O 7. d4 Nc6 8. h3
b6 9. a3 Bb7 10. Nxd5 exd5 11. Bd3 g6 12. Bh6 Re8 13. Re1 Bf6 14. c3 Qd7 15. Qd2
Rxe1+ 16. Rxe1 Re8 17. Bb5 Rxe1+ 18. Qxe1 a6 19. Bxc6 Qxc6 20. Qe3 Bg7 21. Bxg7
Kxg7 22. Qe5+ Kg8 23. Qe7 Qd6 24. Qe8+ Kg7 25. Ne5 Qe6 26. Qb8 Qc8 27. Qa7 f6
28. Nf3 Bc6 29. b3 Kf7 30. a4 Bd7 31. a5 b5 32. Qc5 Be6 33. Qc6 h6 34. Kh2 Ke7
35. g4 Kf7 36. Kg3 h5 37. g5 Qd7 38. Qc5 fxg5 39. Nxg5+ Kf6 40. Nf3 Bxh3 41. Ne5
Qd6 42. Kxh3 g5 43. f3 Qe6+ 44. Kg3 h4+ 45. Kh2 Qf5 46. Qf8+ Ke6 47. Qxf5+ Kxf5
48. Kh3 c5 49. Nc6 cxd4 50. Nxd4+ Kf4 51. Ne6+ Kxf3 52. Nxg5+ Ke3 53. Ne6 Kd3
54. Nc5+ Kxc3 55. Nxa6 Kxb3 56. Nc5+ Kc4 57. a6 Kxc5 58. a7 d4 59. a8=Q d3 60.
Qa3+ Kc4 61. Qc1+ Kd4 62. Qb2+ Ke3 63. Qxb5 d2 64. Qf1 Kd4 65. Qd1 1-0

[Event "Online Olym Div3 B 2021"]
[Site "chess.com INT"]
[Date "2021.08.27"]
[Round "3.3"]
[Board "5"]
[White "Santos, Bruno Miguel Araujo"]
[Black "Rabeea, Sabah Nori"]
[Result "0-1"]
[BlackTitle "FM"]
[WhiteElo "1409"]
[BlackElo "2009"]
[WhiteTeam "Cape Verde"]
[BlackTeam "Iraq"]
[WhiteFideId "23600349"]
[BlackFideId "4806212"]
[EventDate "2021.08.27"]
[EventType "team"]

1. e4 e5 2. Nf3 Nf6 3. Nxe5 d6 4. Nf3 Nxe4 5. d3 Nf6 6. g3 Bg4 7. Nbd2 Nc6 8.
Bg2 Qe7+ 9. Qe2 Qxe2+ 10. Kxe2 O-O-O 11. Re1 d5 12. Nb3 Bb4 13. c3 Rhe8+ 14. Kf1
Rxe1+ 15. Kxe1 Re8+ 16. Kf1 Bd6 17. Bg5 Nd7 18. h3 Bf5 19. d4 h6 20. Bd2 Nf6 21.
g4 Bd3+ 22. Kg1 Ne4 23. Re1 Re7 24. Bf1 Bxf1 25. Kxf1 Nb8 26. Nh4 Nxd2+ 27. Nxd2
g6 28. Rxe7 Bxe7 29. f4 Bxh4 30. Nf3 Bf6 31. Ke2 Kd7 32. h4 Kd6 33. g5 hxg5 34.
hxg5 Bg7 35. Ke3 Nd7 36. Ne5 Bxe5 37. fxe5+ Ke6 38. Kf4 c5 39. a4 cxd4 40. cxd4
Nb6 41. b3 Nc8 42. a5 Ne7 0-1

[Event "Online Olym Div3 B 2021"]
[Site "chess.com INT"]
[Date "2021.08.27"]
[Round "3.4"]
[Board "3"]
[White "Haile, Lidet, Abate"]
[Black "Mouradian, Knarik"]
[Result "0-1"]
[BlackTitle "WIM"]
[WhiteElo "1606"]
[BlackElo "2121"]
[WhiteTeam "Ethiopia"]
[BlackTeam "Lebanon"]
[WhiteFideId "15702073"]
[BlackFideId "5300517"]
[EventDate "2021.08.27"]
[EventType "team"]

1. e4 c5 2. Nf3 d6 3. h3 Nf6 4. Nc3 a6 5. a3 Nc6 6. Bc4 e6 7. d4 cxd4 8. Nxd4
Be7 9. O-O O-O 10. Bb3 Qc7 11. Kh1 Na5 12. Ba2 b5 13. f4 Nc4 14. Qd3 Bb7 15.
Bxc4 bxc4 16. Qe2 Rfe8 17. Rb1 Rad8 18. Bd2 Rd7 19. e5 dxe5 20. fxe5 Rxd4 21.
exf6 Bxf6 22. Be3 Rh4 23. Kg1 Qg3 24. Qf2 Rxh3 25. Qxg3 Rxg3 26. Rfe1 Rxg2+ 27.
Kf1 Rxc2 28. Na4 Bh4 29. Re2 Rxe2 30. Kxe2 Be4 31. Rc1 Rb8 32. Rxc4 Bd5 33. Rxh4
Rc8 34. Nc3 Bc4+ 35. Kd2 h6 36. Rg4 f5 37. Rd4 Kf7 38. Rd7+ Kf6 39. Bd4+ e5 40.
Bf2 f4 41. Ne4+ Ke6 42. Rxg7 Rd8+ 43. Kc3 Bb5 44. Nc5+ Kf6 45. Rh7 Kg6 46. Re7
Kf6 47. Bh4+ Kf5 48. Rf7+ Kg6 49. Rf6+ Kh5 50. Rxh6+ Kxh6 51. Bxd8 f3 52. Ne4
Kg6 53. Kd2 Kf5 54. Ke3 Bc6 55. Nf2 e4 56. Be7 Ke6 57. Bb4 Kf5 58. Bc3 Kg5 59.
Bd4 Kf5 60. Bc5 a5 61. Bb6 a4 62. Bd4 Bb7 63. Nh3 Kg4 64. Nf2+ Kf5 65. Bc3 Bc6
66. Be1 Bb7 67. Kd4 Kf4 68. Nh3+ Kg4 69. Nf2+ Kf4 70. Nd1 Bc6 71. Nc3 e3 72.
Nd5+ Bxd5 73. Kxd5 f2 74. Bxf2 exf2 75. Kc4 f1=Q+ 76. Kb4 Qd1 77. Ka5 Qb3 78.
Ka6 Ke5 79. Ka7 Kd6 80. Ka6 Kc6 81. Ka5 Qb5# 0-1

[Event "Online Olym Div3 B 2021"]
[Site "chess.com INT"]
[Date "2021.08.27"]
[Round "3.4"]
[Board "4"]
[White "Nekrasova, Elena"]
[Black "Abera, Mekdes Demssie"]
[Result "1-0"]
[WhiteTitle "WFM"]
[WhiteElo "2028"]
[BlackElo "1198"]
[WhiteTeam "Lebanon"]
[BlackTeam "Ethiopia"]
[WhiteFideId "14100908"]
[BlackFideId "15701964"]
[EventDate "2021.08.27"]
[EventType "team"]

1. e4 c5 2. Nf3 Nc6 3. d4 cxd4 4. Nxd4 g6 5. Nc3 Bg7 6. Nb3 Nf6 7. Be2 O-O 8.
O-O a6 9. f4 d6 10. Be3 b5 11. Bf3 Bb7 12. Qe2 e6 13. Rad1 Qc7 14. Rd2 Rad8 15.
Qf2 Qc8 16. Rfd1 Qb8 17. Bb6 Rd7 18. e5 Ne8 19. Nc5 dxc5 20. Rxd7 1-0